|
|
|
|
| LEADER |
04863nam a2200625 4500 |
| 001 |
ocn741259229 |
| 003 |
OCoLC |
| 005 |
20170124071417.1 |
| 006 |
m o d |
| 007 |
cr un|---uuuuu |
| 008 |
110321s2011 xx o 000 0 eng d |
| 040 |
|
|
|a IDEBK
|b eng
|e pn
|c IDEBK
|d OCLCQ
|d DG1
|d E7B
|d FCMBL
|d REDDC
|d YDXCP
|d OCLCF
|d MERUC
|d EBLCP
|d CDX
|d MHW
|d UKMGB
|d TEFOD
|d N$T
|d DEBSZ
|d OCLCQ
|d DEBBG
|d TEFOD
|d OCLCO
|d S3O
|d OCLCQ
|d DG1
|d GrThAP
|
| 019 |
|
|
|a 705538430
|a 708567866
|a 773301048
|a 816649233
|
| 020 |
|
|
|a 1283026422
|
| 020 |
|
|
|a 9781283026420
|
| 029 |
1 |
|
|a AU@
|b 000048806987
|
| 029 |
1 |
|
|a AU@
|b 000049641691
|
| 029 |
1 |
|
|a AU@
|b 000058014672
|
| 029 |
1 |
|
|a CHBIS
|b 007307193
|
| 029 |
1 |
|
|a CHVBK
|b 182699676
|
| 029 |
1 |
|
|a DEBBG
|b BV041052590
|
| 029 |
1 |
|
|a DEBBG
|b BV041167611
|
| 029 |
1 |
|
|a DEBBG
|b BV041911793
|
| 029 |
1 |
|
|a DEBSZ
|b 396952224
|
| 029 |
1 |
|
|a NZ1
|b 15915039
|
| 029 |
1 |
|
|a NZ1
|b 15952553
|
| 035 |
|
|
|a (OCoLC)741259229
|z (OCoLC)705538430
|z (OCoLC)708567866
|z (OCoLC)773301048
|z (OCoLC)816649233
|
| 037 |
|
|
|a DA45503B-7E34-4A3E-92C0-10DCBDF0B31C
|b OverDrive, Inc.
|n http://www.overdrive.com
|
| 050 |
|
4 |
|a HG4521
|
| 072 |
|
7 |
|a KFF
|2 bicssc
|
| 082 |
0 |
4 |
|a 332.632042
|
| 049 |
|
|
|a MAIN
|
| 245 |
0 |
0 |
|a Ben Graham Was a Quant :
|b Raising the IQ of the Intelligent Investor.
|
| 264 |
|
1 |
|b Wiley
|c 2011.
|
| 300 |
|
|
|a 1 online resource (352)
|
| 336 |
|
|
|a text
|b txt
|2 rdacontent
|
| 337 |
|
|
|a computer
|b c
|2 rdamedia
|
| 338 |
|
|
|a online resource
|b cr
|2 rdacarrier
|
| 505 |
0 |
|
|a Cover -- Contents -- Preface -- Introduction: The Birth of the Quant -- Characterizing the Quant -- Active Versus Passive Investing -- Chapter 1 Desperately Seeking Alpha -- The Beginnings of the Modern Alpha Era -- Important History of Investment Management -- Methods of Alpha Searching -- Chapter 2 Risky Business -- Experienced Versus Exposed Risk -- The Black Swan: A Minor Ele Event8212;Are Quants to Blame? -- Active Versus Passive Risk -- Other Risk Measures: Var, C-Var, and Etl -- Summary -- Chapter 3 Beta Is Not 8220;Sharpe8221; Enough -- Back to Beta -- Beta and Volatility -- The Way to a Better Beta: Introducing the G-Factor -- Tracking Error: The Deviant Differential Measurer -- Summary -- Chapter 4 Mr. Graham, I Give You Intelligence -- Fama-French Equation -- The Graham Formula -- Factors for Use in Quant Models -- Momentum: Increasing Investor Interest -- Volatility As a Factor in Alpha Models -- Chapter 5 Modeling Pitfalls and Perils -- Data Availability, Look-Ahead, and Survivorship Biases -- Building Models You Can Trust -- Scenario, Out-of-Sample, and Shock Testing -- Data Snooping and Mining -- Statistical Significance and Other Fascinations -- Choosing An Investment Philosophy -- Growth, Value, Quality -- Investment Consultant As Dutch Uncle -- Where Are the Relative Growth Managers? -- Chapter 6 Testing the Graham Crackers ... Er, Factors -- The First Tests: Sorting -- Time-Series Plots -- The Next Tests: Scenario Analysis -- Chapter 7 Building Models From Factors -- Surviving Factors -- Weighting the Factors -- The Art Versus Science of Modeling -- Time Series of Returns -- Other Conditional Information -- The Final Model -- Other Methods of Measuring Performance: Attribution Analysis Via Brinson and Risk Decomposition -- Regression of the Graham Factors With Forward Returns -- Chapter 8 Building Portfolios From Models -- The Deming Way: Benchmarking Your Portfolio -- Portfolio Construction Issues -- Using An Online Broker: Fidelity, E*Trade, Td Ameritrade, Schwab, Interactive Brokers, and Tradestation -- Working With a Professional Investment Management System: Bloomberg, Clarifi, and Factset -- Chapter 9 Barguments: The Antidementia Bacterium -- The Colossal Nonfailure of Asset Allocation -- The Stock Market As a Class of Systems -- Stochastic Portfolio Theory: An Introduction -- Portfolio Optimization: The Laymans Perspective -- Tax-Efficient Optimization -- Summary -- Chapter 10 Past and Future View -- Why Did Global Contagion and Meltdown Occur? -- Fallout of Crises -- The Rise of the Multinational State-Owned Enterprises -- The Emerged Markets -- The Future Quant -- Notes -- Acknowledgments -- About the Author -- Index.
|
| 600 |
1 |
0 |
|a Graham, Benjamin,
|d 1894-1976.
|
| 600 |
1 |
7 |
|a Graham, Benjamin,
|d 1894-1976.
|2 fast
|0 (OCoLC)fst00011732
|
| 650 |
|
0 |
|a Securities.
|
| 650 |
|
0 |
|a Investments.
|
| 650 |
|
0 |
|a Investment analysis.
|
| 650 |
|
4 |
|a Graham, Benjamin,
|x 1894-1976.
|
| 650 |
|
4 |
|a Investment analysis.
|
| 650 |
|
4 |
|a Investments.
|
| 650 |
|
4 |
|a Securities.
|
| 650 |
|
7 |
|a Investment analysis.
|2 fast
|0 (OCoLC)fst00978180
|
| 650 |
|
7 |
|a Investments.
|2 fast
|0 (OCoLC)fst00978234
|
| 650 |
|
7 |
|a Securities.
|2 fast
|0 (OCoLC)fst01110743
|
| 655 |
|
4 |
|a Electronic resource.
|
| 720 |
|
|
|a Greiner, Steven.
|
| 856 |
4 |
0 |
|u https://doi.org/10.1002/9781118267042
|z Full Text via HEAL-Link
|
| 994 |
|
|
|a 92
|b DG1
|